Escritos escogidos /

Bibliographic Details
Main Authors: Pascal, Blaise, 1623-1662 (Author), Bossuet, Jacques-Bénigne, 1627-1704 (Author)
Other Authors: Pérez, Justo (contributor agent of text.)
Format: Electronic eBook
Language:Spanish
Published: México, D.F. : Océano, [2016]
Edition:Primera edición en libro electrónico.
Subjects:
Online Access:Digitalia Hispánica

MARC

LEADER 00000nam a2200000Ii 4500
001 DIGOCEANO0022
003 NyNyDIG
006 m o d
007 cr |||||||||||
008 240404s2016 mx ob 000 0 spa d
035 |a (OCoLC)1430189127 
040 |a DGITA  |b eng  |e rda  |e pn  |c DGITA 
020 |a 9786077351450  |q eBook 
020 |z 9788449414589 
050 1 4 |a PQ1126 ebook 
245 0 0 |a Escritos escogidos /  |c B. Pascal, J. B. Bossuet ; estudio preliminar de Justo Pérez. 
250 |a Primera edición en libro electrónico. 
264 1 |a México, D.F. :  |b Océano,  |c [2016] 
300 |a 1 online resource. 
336 |a text  |b txt  |2 rdacontent 
337 |a computer  |b c  |2 rdamedia 
338 |a online resource  |b cr  |2 rdacarrier 
347 |a text file  |2 rdaft 
347 |b EPUB 
504 |a Includes bibliographical references. 
588 0 |a Online resource; title from ePub title page (Digitalia, viewed April 4, 2024) 
650 0 |a French literature  |y 17th century. 
650 0 |a Religious literature  |y 17th century. 
700 1 |a Pascal, Blaise,  |d 1623-1662,  |e author. 
700 1 |a Bossuet, Jacques-Bénigne,  |d 1627-1704,  |e author. 
700 1 |a Pérez, Justo,  |e contributor agent of text. 
791 2 |a Digitalia (Firm),  |e distributor. 
793 0 |g Digitalia eBook Collection:  |a Editorial Océano 
776 0 8 |i Print version:  |t Escritos escogidos.  |b Primera edición.  |d Barcelona : Océano, [1999]  |z 9788449414589 
856 4 0 |3 Digitalia Hispánica  |u https://www.digitaliapublishing.com/a/85212/ 
910 |a Premium collection: 2024